Le sommeil (Record no. 158601)
[ view plain ]
| 000 -LEADER | |
|---|---|
| campo de control de longitud fija | 00737nam a2200205 i 4500 |
| 001 - NÚMERO DE CONTROL | |
| campo de control | 158601 |
| 003 - IDENTIFICADOR DE NÚMERO DE CONTROL | |
| campo de control | ES-MaACL |
| 005 - FECHA Y HORA DE LA ÚLTIMA TRANSACCIÓN | |
| campo de control | 20250817210337.0 |
| 008 - DATOS DE LONGITUD FIJA--INFORMACIÓN GENERAL | |
| campo de control de longitud fija | 931025s1896 fr |||| | fre d |
| 100 1# - ENTRADA PRINCIPAL--NOMBRE DE PERSONA | |
| Nombre de persona | Manaseina, Mar'ía Mikhaîlovna. |
| 9 (RLIN) | 129407 |
| 245 13 - MENCIÓN DEL TÍTULO | |
| Título | Le sommeil |
| Resto del título | : tiers de notre vie : pathologie, physiologie, hygiène, psychologie / |
| Mención de responsabilidad, etc. | Marie de Manacéíne ; traduit du russe... par Ernest Jaubert. |
| 260 ## - PUBLICACIÓN, DISTRIBUCIÓN, ETC. | |
| Lugar de publicación, distribución, etc. | Paris : |
| Nombre del editor, distribuidor, etc. | G. Masson, |
| Fecha de publicación, distribución, etc. | 1896 ( |
| Lugar de fabricación/manufactura | Corbeil : |
| Fabricante | Impr. Ed. Crété) |
| 300 ## - DESCRIPCIÓN FÍSICA | |
| Extensión | 358 p. ; |
| Dimensiones | 19 cm. |
| 594 ## - Nota al título y mención de responsabilidad | |
| Nota al título y mención de responsabilidad | Autor precede a tít. |
| 650 04 - PUNTO DE ACCESO ADICIONAL DE MATERIA--TÉRMINO DE MATERIA | |
| Término de materia o nombre geográfico como elemento de entrada | Sueño. |
| 9 (RLIN) | 17251 |
| 700 1# - ENTRADA AGREGADA--NOMBRE PERSONAL | |
| Nombre de persona | Jaubert, Ernest, |
| Fechas asociadas al nombre | 1856-1942 |
| 9 (RLIN) | 128280 |
| 852 ## - LOCALIZACIÓN | |
| Ubicación | ES-MaACL |
| Número de control de estantería | D-1249 |
| Nota libre | -- Rust. |
| Estatus retirado | Estado de pérdida | Estado de daño | No para préstamo | Colección | Biblioteca de origen | Biblioteca actual | Ubicación en estantería | Fecha de adquisición | Fuente de adquisición | Total de préstamos | Signatura topográfica completa | Código de barras | Visto por última vez | Precio de reemplazo | Tipo de ítem Koha |
|---|---|---|---|---|---|---|---|---|---|---|---|---|---|---|---|
| Libros del s. XIX | Biblioteca del Ateneo de Madrid | Biblioteca del Ateneo de Madrid | Sala Valle Inclán | 17/01/2008 | D-1249 | 901166007 | 23/02/2023 | 23/02/2023 | Libro impreso antiguo |
